00335nam a22001217a 450000500170000000800410001704000130005808200200007110000190009124500510011026000410016130000110020220170926121719.0170926b xxu||||| |||| 00| 0 eng d cPK-LaUMT aPKAC 190bTHO-L aThomas , Henry aThe living world of philosophy/cHenry Thomas  aPhiladelphia:bThe blakiston ,c1946 a399 p.